000 00253 a2200085 4500
020 _a 9781632866363
100 _a Alexandra Lange
245 _aThe Design of Childhood: How the Material World Shapes Independent Kids
260 _b Bloomsbury Publishing
_c2020
999 _c13155
_d13155